First Hand: Graphic Non Fiction from India (Record no. 20291)
[ view plain ]
| 000 -LEADER | |
|---|---|
| fixed length control field | 00330nam a22001337a 4500 |
| 020 ## - INTERNATIONAL STANDARD BOOK NUMBER | |
| ISBN | 9382579133 |
| 082 ## - DEWEY DECIMAL CLASSIFICATION NUMBER | |
| Classification number | 741.5 SEN V1 |
| 100 ## - MAIN ENTRY--AUTHOR NAME | |
| Author name | Sen, Orjit |
| -- | Vidyun Sabhaney |
| 245 ## - TITLE STATEMENT | |
| Title | First Hand: Graphic Non Fiction from India |
| 260 ## - PUBLICATION, DISTRIBUTION, ETC. (IMPRINT) | |
| Place of publication | New Delhi |
| Name of publisher | Arpita Das, for Yoda Press |
| 300 ## - PHYSICAL DESCRIPTION | |
| Number of Pages | 368 |
| 650 ## - SUBJECT ADDED ENTRY--TOPICAL TERM | |
| Topical Term | Comics |
| 942 ## - ADDED ENTRY ELEMENTS (KOHA) | |
| Koha item type | Books |
| Home library | Current library | Date acquired | Source of acquisition | Cost, normal purchase price | Full call number | Accession Number | Koha item type |
|---|---|---|---|---|---|---|---|
| Henry Martyn Institute Library | Henry Martyn Institute Library | 02/21/2017 | Flipkart | 595.00 | 741.5 SEN V1 | 25157 | Books |
